Штаты по Министерству Внутренных Дел. Именные списки чинов особых поручений 4, 5, 6 классов

Доступно только в Электронных читальных залах Найти на картеНа карте
RUSMARC
00003640nac2a22002413x 450
00182449716-7d55-4a6c-b37e-1c8d38cb927e
00520190226090811.0
100##$a20190110l 1919k y0rusy50 ca
1010#$arus
102##$aRU
105##$ay z |||||
2001#$aШтаты по Министерству Внутренных Дел. Именные списки чинов особых поручений 4, 5, 6 классов
$j14 декабря 1918 - 16 июня 1919
215##$a40 листов
251##$cДело
300##$aЛисты: 3-4, 5, 16, 24, 25, 35, 36 - поврежденные
300##$aМашинописный и рукописный текст
324##$aВ деле имеются копии отдельных документов
461#0$10010f0e3429-2e37-4fb4-ace0-6332d350a692
$12001
$aМинистерство внутренних дел Российского правительства. Омск
$1251
$cФонд
$1852
$j1700
$gР
462#0$100196992368-87aa-4ec8-94b8-d5a64cfcd599
$12001
$aКанцелярия министра. 1918-1919 гг.
$vД. 23
$1251
$cОпись
$1852
$j7
60102$3RU\NLR\AUTH\8810247804
$aВременное Сибирское правительство
$bМинистерство внутренних дел
801#0$aRU
$bGA_RF
801#1$aRU
$bГлавНИВЦ
$c20190110
$2rusmarc
801#2$aRU
$bПБ им. Б.Н. Ельцина
$c20190226
$gRCR
$2rusmarc
852##$aГА РФ
$j23
937##$d126136216
$hПБ
035##$aRuPRLIB51054639
856##$uhttp://readingroom.main.prlib.ru/item.aspx?id_node=n126136216&mode=full
Формат отображения